=LDR 00000nam 2200000 4500 =001 INLIS000000000031143 =005 20200220091542 =035 ##$$a 0010-061300000031143 =008 200220################g##########0#ind## =041 ##$$a Ind =082 ##$$a 005.74 =090 ##$$a 005.7, Sim b =100 1#$$a Simarmata, Janner =245 1#$$a Basis data /$c Janner Simarmata, Iman Paryudi =260 ##$$a Yogyakarta :$b Andi,$c 2006 =300 ##$$a xi, 185 hlm : $b ilus. ; $c 16x23 cm. =650 #4$$a Basis Data =850 ##$$a NBPNMAT =020 ##$$a 979-763-120-6 =084 ##$$a 005.74 SIM b =700 #$$a Paryudi, Iman =504 ##$$a Bibliografi : hlm.183 - 184 =990 ##$$a 90218/BPAP-NTB/2014 =990 ##$$a 20902352 =990 ##$$a 90218/BPAP-NTB/2014 =990 ##$$a 20902352